ბათუმის შოთა რუსთაველის სახელმწიფო უნივერსიტეტის ბიბლიოთეკა

ვერა ფაღავა, თბილისი 2012 = VERA PAGAVA, TBILISI 2012. წონასწორობა, მედიტაცია და სიჩუმე თანამედროვე სამყაროს მოუსვენრობასა და შფოთში. (ბიბ.ჩანაწერი № 40706)

000 -LEADER
fixed length control field 01246nam a2200217Ia 4500
001 - CONTROL NUMBER
control field 7342
003 - CONTROL NUMBER IDENTIFIER
control field GE_BSU
008 - FIXED-LENGTH DATA ELEMENTS--GENERAL INFORMATION
fixed length control field 181216s||||||||xx |||||||||||||| ||und||
020 ## - INTERNATIONAL STANDARD BOOK NUMBER
International Standard Book Number 9789941048388
040 ## - CATALOGING SOURCE
Transcribing agency GE_BSU
080 ## - UNIVERSAL DECIMAL CLASSIFICATION NUMBER
Universal Decimal Classification number 741(092)+069(479.22)
245 ## - TITLE STATEMENT
Title ვერა ფაღავა, თბილისი 2012 = VERA PAGAVA, TBILISI 2012. წონასწორობა, მედიტაცია და სიჩუმე თანამედროვე სამყაროს მოუსვენრობასა და შფოთში.
245 ## - TITLE STATEMENT
Remainder of title საქართველოს ეროვნული მუზეუმი 2012 წლის 15 სექტემბრიდან 15 ოქტომბრამდე.
260 ## - PUBLICATION, DISTRIBUTION, ETC.
Place of publication, distribution, etc. თბილისი.
260 ## - PUBLICATION, DISTRIBUTION, ETC.
Name of publisher, distributor, etc. სეზანი.
260 ## - PUBLICATION, DISTRIBUTION, ETC.
Date of publication, distribution, etc. 2012.
300 ## - PHYSICAL DESCRIPTION
Extent 117 გვ; 28 სმ.
300 ## - PHYSICAL DESCRIPTION
Other physical details ილ.
653 ## - INDEX TERM--UNCONTROLLED
Uncontrolled term ვერა ფაღავა, თბილისი 2012 = VERA PAGAVA, TBILISI 2012. წონასწორობა, მედიტაცია და სიჩუმე თანამედროვე სამყაროს მოუსვენრობასა და შფოთში.
942 ## - ADDED ENTRY ELEMENTS (KOHA)
Koha item type წიგნი
ეგზემპლარები
Withdrawn status Lost status Damaged status Not for loan Date acquired Barcode Date last seen Price effective from Koha item type
        2018-12-17 18694 2018-12-17 2018-12-17 წიგნი